000 00285nam a2200133Ia 4500
100 _aDesphande/A.S.
942 _cBK
654 _aFactory Management
245 _aFactory managements
260 _bVora & Co.
_aBombay
_c1969
082 _a658
_bDes
546 _aENGLISH
999 _c32971
_d32971